LEADER 00973nam--2200301---450- 001 990005815490203316 005 20130308130157.0 035 $a000581549 035 $aUSA01000581549 035 $a(ALEPH)000581549USA01 035 $a000581549 100 $a20130308d19..----km-y0itay50------ba 101 $aita 102 $aIT 105 $a||||||||001yy 200 1 $aNuovo aggruppamento semplice e razionale dei versi e delle strofe oraziane con un'appendice sui Carmi di Catullo$fPietro Parrella 205 $a4. ed 210 $aFirenze$cOfiria$d[19..?] 215 $a45 p.$d20 cm 700 1$aPARRELLA,$bPietro$0187272 801 0$aIT$bsalbc$gISBD 912 $a990005815490203316 951 $aXV.8. 1484$b222606 L.M.$cXV.8. 959 $aBK 969 $aFSO 979 $aIANNONE$b90$c20130308$lUSA01$h1301 996 $aNuovo aggruppamento semplice e razionale dei versi e delle strofe oraziane con un'appendice sui Carmi di Catullo$91088798 997 $aUNISA